000 00686nam a2200253Ia 4500
003 OSt
005 20220918163702.0
006 a|||||r|||| 00| 0
007 ta
008 220917b |||||||| |||| 00| 0 eng d
020 _a0198127464
024 _a30,681
037 _cTextual
040 _aARTS
_cARTS
_beng
041 _2eng
_aeng
082 _aO111,6J541x, M6
100 _aGoows John ed
_914556
245 0 _aProsde worksd of Fulk Grevilla Lord Brooke
260 _aOxford
_bClarendon Press
_c1986
300 _alxvii,279p.
_ccm.
650 _aENGLISH LITERATURE
942 _hO111,6J541x, M6
_cTEXL
_2CC
999 _c120803
_d120803